| 000 | 00432nam a22001697a 4500 | ||
|---|---|---|---|
| 003 | CEME | ||
| 005 | 20210628203553.0 | ||
| 008 | 210317b xxu||||| |||| 00| 0 eng d | ||
| 020 | _a0-7494-1400-6 | ||
| 040 | _c. | ||
| 082 | _a658.31245 RAE'H | ||
| 100 |
_aRas, Leslie _966314 |
||
| 245 | _aHow to design and introduce trainer development programmes | ||
| 260 |
_aLONDON _bKOGAN PAGE _c1994 |
||
| 300 | _a168P | ||
| 942 |
_cBK _2ddc |
||
| 999 |
_c574295 _d574295 |
||